000 00416pab a2200169 454500
008 180718b1997 xxu||||| |||| 00| 0 eng d
100 _aLavers, John
245 _aInformal police cooperation: the fight against international crime
260 _c1997
300 _ap.127-32
362 _aApr-Jun
650 _aCrime
650 _aPolice
700 _aYiu-Kong Chu
773 _aPolice Journal
909 _a34237
999 _c34237
_d34237